Wordle Words Ending in CK - Statistics

General Stats
  • This quiz has been taken 46 times
  • The average score is 32 of 50
Answer Stats
5-letter word % Correct
brick
88%
track
86%
block
84%
stack
84%
trick
84%
truck
84%
black
81%
flock
79%
stick
79%
crack
77%
flack
77%
flick
77%
shack
77%
snack
74%
stock
74%
stuck
74%
clock
72%
pluck
70%
prick
70%
slack
70%
cluck
67%
snuck
67%
clack
65%
click
65%
frack
65%
frock
65%
smack
65%
snick
65%
wreck
65%
chick
63%
shock
63%
slick
63%
speck
60%
thick
60%
chock
58%
fleck
58%
smock
58%
shuck
56%
chuck
53%
crick
53%
check
51%
crock
51%
wrack
51%
whack
47%
quack
44%
knock
37%
quick
37%
aback
26%
knack
26%
hoick
2%
No matching quizzes found
Score Distribution
Percent of People with Each Score
Percentile by Number Answered
Your Score History
You have not taken this quiz